| 000 | 01815nam a2200373Ia 4500 | ||
|---|---|---|---|
| 001 | ebr10273659 | ||
| 003 | CaPaEBR | ||
| 006 | m u | ||
| 007 | cr cn||||||||| | ||
| 008 | 080620s2008 txuabf sb 101 0 eng d | ||
| 010 | _z 2008027539 | ||
| 020 | _z9780292718678 (cloth : alk. paper) | ||
| 020 | _z0292718675 (cloth : alk. paper) | ||
| 040 |
_aCaPaEBR _cCaPaEBR |
||
| 035 | _a(OCoLC)309906176 | ||
| 050 | 1 | 4 |
_aF3430.1.M6 _bA78 2008eb |
| 111 | 2 |
_aD.J. Sibley Family Conference _n(4th : _d2003 : _cAustin, Tex.) |
|
| 245 | 1 | 4 |
_aThe art and archaeology of the Moche _h[electronic resource] : _ban ancient Andean society of the Peruvian north coast / _cedited by Steve Bourget and Kimberly L. Jones. |
| 250 | _a1st ed. | ||
| 260 |
_aAustin : _bUniversity of Texas Press, _c2008. |
||
| 300 |
_axiii, 291 p., [8] p. of plates : _bill. (some col.), maps. |
||
| 500 | _aPapers originally presented at the Fourth D.J. Sibley Family Conference held at the Department of Art and Art History at the University of Texas at Austin in November 2003. | ||
| 504 | _aIncludes bibliographical references and index. | ||
| 533 |
_aElectronic reproduction. _bPalo Alto, Calif. : _cebrary, _d2009. _nAvailable via World Wide Web. _nAccess may be limited to ebrary affiliated libraries. |
||
| 650 | 0 |
_aMochica Indians _xAntiquities _vCongresses. |
|
| 650 | 0 |
_aMochica art _vCongresses. |
|
| 650 | 0 |
_aExcavations (Archaeology) _zPeru _zMoche River Valley _vCongresses. |
|
| 651 | 0 |
_aMoche River Valley (Peru) _xAntiquities _vCongresses. |
|
| 655 | 7 |
_aElectronic books. _2local |
|
| 700 | 1 |
_aBourget, Steve, _d1956- |
|
| 700 | 1 |
_aJones, Kimberly L., _d1979- |
|
| 710 | 2 | _aebrary, Inc. | |
| 856 | 4 | 0 |
_uhttp://site.ebrary.com/lib/rucke/Doc?id=10273659 _zAn electronic book accessible through the World Wide Web; click to view |
| 999 |
_c21788 _d21788 |
||